01010nam a2200193 a 4500008004100000050001600041100003700057245003500094260003200129300002000161350000900181650001300190650002600203995015000229995015000379999001700529952013500546952013500681120416s1972 ||||||||||||||||| || u aHD 47.4 Dew aDewhurst, Roland Frederick James10aBusiness cost-benefit analysis aLondonbMcGraw-Hillc[1972] ax, 287p. : ill. a0.00 0aBUSINESS aCOST-BENEFIT ANALYSIS aMAIN LIBRARY OPEN ACCESSD0.00e706164FCBU-MAIN LIBRARY (Kitwe)H2I0.00jHD 47.4 DewM1UAVAILABLEy003533ZMain Library Open Access Collection aMAIN LIBRARY OPEN ACCESSD0.00e706496FCBU-MAIN LIBRARY (Kitwe)H1I0.00jHD 47.4 DewM2UAVAILABLEy003534ZMain Library Open Access Collection c77878d77878 00102lcc4070a001b001cMain Library Open Access Collectiond2023-05-03l0oHD 47.4 Dewp003533r2023-05-03t1w2023-05-03y002 00102lcc4070a001b001cMain Library Open Access Collectiond2023-05-03l0oHD 47.4 Dewp003534r2023-05-03t2w2023-05-03y002